[Event "Mogi Guacu op"]
[Site "Mogi Guacu"]
[Date "2022.09.24"]
[Round "3"]
[White "Barros, Jardel Teti"]
[Black "Rosseto, Evandro"]
[Result "0-1"]
[WhiteElo "1465"]
[BlackElo "1800"]
[PlyCount "90"]
[EventDate "2022.09.23"]
[EventType "swiss"]
[EventRounds "6"]
[EventCountry "BRA"]
[SourceTitle "EXT 2023"]
[Source "ChessBase"]
[SourceDate "2022.10.05"]
[SourceVersion "1"]
[SourceVersionDate "2022.10.05"]
[SourceQuality "1"]

1. e4 c5 2. Nf3 d6 3. d4 cxd4 4. Nxd4 Nf6 5. Nc3 a6 6. Be3 e5 7. Nf3 Be7 8. Bc4 Be6 9. Bxe6 fxe6 10. Ng5 Qd7 11. Qf3 h6 12. Qh3 Nc6 13. Nxe6 Kf7 14. Nd5 Qxe6 15. Qxe6+ Kxe6 16. Nc7+ Kd7 17. Nxa8 Rxa8 18. f3 Rc8 19. Kd2 Nd4 20. Bxd4 exd4 21. g4 Nh7 22. h4 g5 23. h5 Nf8 24. Rac1 Bf6 25. c3 Be5 26. Kd3 dxc3 27. bxc3 Ne6 28. c4 Nc5+ 29. Ke2 Na4 30. Rc2 b5 31. Rhc1 Bf4 32. Rb1 Be5 33. Kd3 bxc4+ 34. Rxc4 Nb2+ 35. Rxb2 Bxb2 36. Rb4 Be5 37. Rb6 a5 38. Ra6 Rc3+ 39. Ke2 Rc2+ 40. Kd3 Rxa2 41. Ra7+ Kc6 42. Rh7 a4 43. Rxh6 Rh2 44. Rh7 a3 45. Ra7 a2 0-1